000 00533nam a2200193Ia 4500
001 63210
008 150108s9999 xx 000 0 und d
020 _a9780415587556
040 _cPK-LaUMT
082 _a 616.89170076
_bFER-S
100 _aFerro, Antonino
245 _aSupervision in psychoanalysis
_bthe Soa paulo seminars
_cFerro, Antonino|Harvey, Ian
260 _aLondon,UK:
_bRoutledge,
_c2013
300 _a154 p.
546 _aEN
650 _aPsychoanalysis-Study and teaching
700 _aHarvey, Ian
942 _cBK
999 _c63814
_d63814